000 00582nam a22002057a 4500
005 20180410141537.0
010 _aENG-122600
020 _a9789386224583
_c350.00
035 _aEN-106132
037 _bDBAD/PUB
082 _aN
100 _aAmish
245 _aSita warrior of mithila /
_cby Amish
260 _c2017
_aChennai
_bwestlan publications
270 _a61,IInd floor,silverline Building,Alapakkam Main Road,Maduravoyal,
_bChennai
_e600095
300 _c21cm(pbk)
_a361p.
490 _aRam Chandra Series Book 2
650 _afiction
942 _cEN
_2ddc
_mAMI
_hN
999 _c150963
_d150963